<?xml version="1.0" encoding="UTF-8"?>
<collection xmlns="http://www.loc.gov/MARC21/slim">
 <record>
  <leader>00703nas a2200181   4500</leader>
  <controlfield tag="001">1/51166</controlfield>
  <controlfield tag="008">130315s19--9999gr anzp       0   g0gre d</controlfield>
  <datafield tag="022" ind1="0" ind2=" ">
   <subfield code="a">1106-0913</subfield>
  </datafield>
  <datafield tag="035" ind1=" " ind2=" ">
   <subfield code="l">46248</subfield>
  </datafield>
  <datafield tag="090" ind1=" " ind2=" ">
   <subfield code="a">Αλφαβητική σειρά</subfield>
  </datafield>
  <datafield tag="245" ind1="0" ind2="0">
   <subfield code="a">Άνθρωποι &amp; αριθμοί :</subfield>
   <subfield code="b">της χρηματιοικονομικής και ασφαλιστικής βιομηχανίας.</subfield>
  </datafield>
  <datafield tag="260" ind1=" " ind2=" ">
   <subfield code="a">Αθήνα :</subfield>
   <subfield code="b">Δημήτρης Ρουχωτάς,</subfield>
   <subfield code="c">[19--]-</subfield>
  </datafield>
  <datafield tag="300" ind1=" " ind2=" ">
   <subfield code="a">τ. :</subfield>
   <subfield code="b">εικ.;</subfield>
   <subfield code="c">28 εκ.</subfield>
  </datafield>
  <datafield tag="310" ind1=" " ind2=" ">
   <subfield code="a">Ετήσιο.</subfield>
  </datafield>
  <datafield tag="546" ind1=" " ind2=" ">
   <subfield code="a">Ελληνική.</subfield>
  </datafield>
  <datafield tag="856" ind1="4" ind2="1">
   <subfield code="u">http://www.aagora.gr/el/specialeditions/</subfield>
  </datafield>
  <datafield tag="950" ind1=" " ind2=" ">
   <subfield code="c">ΡΟΥΧΩΤΑΣ Δ. &amp; ΣΙΑ Ο.Ε.</subfield>
   <subfield code="d">918</subfield>
  </datafield>
  <datafield tag="951" ind1=" " ind2=" ">
   <subfield code="a">2007-2008</subfield>
   <subfield code="b">Main run</subfield>
  </datafield>
 </record>
</collection>
